000 00290nam a22001217a 4500
008 171031b xxu||||| |||| 00| 0 eng d
041 _aeng
080 _a33
100 _a58
101 _aBUS
245 _aINTRODUCTORY STATISTICS FOR BUSINESS AND ECONOMICS
_cMILLER, R.K
942 _2udc
_cBK
999 _c36686
_d36686